000 00525nam a2200205Ia 4500
005 20250326145621.0
008 250326s9999 xx 000 0 und d
037 _aTextbook
040 _aFMSL
_beng
_cFMSL
041 _aeng
_2eng
084 _aB2893 Q7
_qFMSL
100 _aTaha H A
245 0 _aOperations research
_cTaha H A
250 _a10
260 _aNew Delhi
_bNew Delhi, Pearson
_c2017
365 _aUKP
_b57.83
650 _aManagement
942 _cTB
_hB2893 Q7
999 _c1308188
_d1308188